|
|
|
|
| LEADER |
00000nam0a2200000 4500 |
| 001 |
363108 |
| 005 |
20231102011545.0 |
| 035 |
|
|
|a (RuTPU)RU\TPU\retro\20455
|
| 090 |
|
|
|a 363108
|
| 100 |
|
|
|a 20210920d1981 km y0rusy50 ca
|
| 101 |
0 |
|
|a rus
|
| 102 |
|
|
|a RU
|
| 105 |
|
|
|a a z 001zy
|
| 200 |
1 |
|
|a Испытания и эксплуатация энерго-технологического оборудования
|f З. З. Рахмилевич
|
| 210 |
|
|
|a Москва
|c Химия
|d 1981
|
| 215 |
|
|
|a 384 с.
|c ил.
|
| 320 |
|
|
|a Библиогр.: с. 380-384
|
| 606 |
1 |
|
|a Химические заводы
|x Электрооборудование
|x Электропитание
|2 stltpush
|3 (RuTPU)RU\TPU\subj\31106
|9 54060
|
| 610 |
1 |
|
|a энергетическое оборудование
|
| 610 |
1 |
|
|a энерго-химико-технологические системы
|
| 610 |
1 |
|
|a технологическое оборудование
|
| 610 |
1 |
|
|a испытание
|
| 610 |
1 |
|
|a эксплуатация
|
| 610 |
1 |
|
|a энерготехнологические установки
|
| 610 |
1 |
|
|a надежность
|
| 610 |
1 |
|
|a вибрационные испытания
|
| 610 |
1 |
|
|a шум
|
| 610 |
1 |
|
|a снижение
|
| 610 |
1 |
|
|a работоспособность
|
| 610 |
1 |
|
|a контроль
|
| 610 |
1 |
|
|a поршневые компрессоры
|
| 610 |
1 |
|
|a центробежные компрессоры
|
| 610 |
1 |
|
|a газодинамические испытания
|
| 610 |
1 |
|
|a вентиляционные установки
|
| 610 |
1 |
|
|a турбинные приводы
|
| 675 |
|
|
|a 66.02
|v 4
|
| 700 |
|
1 |
|a Рахмилевич
|b З. З.
|g Зиновий Залманович
|
| 801 |
|
1 |
|a RU
|b 63413507
|c 20210920
|
| 942 |
|
|
|c BK
|